000 00675cam a22002291 4500
001 5972979
005 20180222080002.0
008 720107s1939 nyu 000 0 eng
010 _a 40004768
020 _a0717800989
035 _a(OCoLC)192388
040 _aDLC
_cOKentU
_dOCoLC
_dIaFairM
_dOCoLC
_dRUn
_dDLC
041 1 _aeng
080 _a330.15 LEN
082 _a330.15 LEN
100 1 _a52
101 _aEKO
240 0 0 _aImperializm, kak noveĭshiĭ ėtap kapitalizma.
_lEnglish
245 1 0 _aImperialism, the highest stage of capitalism;
_c[by] V.I. Lenin.
906 _a7
_bcbc
_coclcrpl
_du
_encip
_f19
_gy-gencatlg
942 _2ddc
_cBK
999 _c43194
_d43194